The Last Word: Book Titles II Quiz Stats

Quiz Updated Jul 31, 2015

Challenge
Share
Tweet
Embed
Score 0/36 Timer 05:00
0 Plays Today
Hint Answer % Correct
J. D. SalingerRye
99%
Leo TolstoyPeace
97.3%
Robert Louis StevensonHyde
94.7%
Robert Louis StevensonIsland
94.6%
H.G. WellsMan
89.6%
E. M. ForsterView
89.2%
H.G. WellsWorlds
88.7%
Daniel DefoeCrusoe
87.6%
H.G. WellsMachine
84.5%
Leo TolstoyKarenina
81.6%
Edgar Allan PoeHeart
73.1%
Gabriel García MárquezCholera
71.6%
E. M. ForsterIndia
71.6%
Virginia WoolfOwn
70.1%
E. M. ForsterEnd
69.7%
Gabriel García MárquezSolitude
67.4%
Edgar Allan PoePendulum
66.1%
Daniel DefoeFlanders
63.2%
Hint Answer % Correct
Robert Louis StevensonNights
60.9%
Edgar Allan PoeMorgue
51.3%
Thomas Hardyd'Urbervilles
48.6%
Virginia WoolfDalloway
46.4%
Thomas HardyObscure
43.3%
J. D. SalingerZooey
38.3%
Virginia WoolfLighthouse
35.1%
Thomas PynchonRainbow
32.4%
Thomas HardyCasterbridge
32.1%
Graham GreeneAmerican
29.7%
Graham GreeneHavana
25%
Graham GreeneRock
23.1%
Thomas Pynchon49
20.9%
J. D. SalingerStories
18.7%
Thomas PynchonDixon
16.9%
Leo TolstoyIlyich
13.4%
Gabriel García MárquezForetold
12.5%
Daniel DefoeJack
3.2%

You're not logged in!

Compare scores with friends on all Sporcle quizzes.
Sign Up with Email
OR
Log In

You Might Also Like...

Show Comments

Extras

Top Quizzes Today


Score Distribution

Your Account Isn't Verified!

In order to create a playlist on Sporcle, you need to verify the email address you used during registration. Go to your Sporcle Settings to finish the process.